Management : (Record no. 347216)
[ view plain ]
| 000 -LEADER | |
|---|---|
| fixed length control field | 02242 a2200193 4500 |
| 020 ## - INTERNATIONAL STANDARD BOOK NUMBER | |
| International Standard Book Number | 0072538651 (hardcover) |
| 020 ## - INTERNATIONAL STANDARD BOOK NUMBER | |
| International Standard Book Number | 9780072538656 (hardcover) |
| 082 04 - DEWEY DECIMAL CLASSIFICATION NUMBER | |
| Classification number | 658 |
| 090 ## - LOCALLY ASSIGNED LC-TYPE CALL NUMBER (OCLC); LOCAL CALL NUMBER (RLIN) | |
| -- | 4785 |
| -- | 4785 |
| 100 1# - MAIN ENTRY--PERSONAL NAME | |
| Personal name | Bateman, Thomas S. |
| 245 10 - TITLE STATEMENT | |
| Title | Management : |
| Remainder of title | the new competetive landscape / |
| Statement of responsibility, etc. | Thomas S. Bateman, Scott Snell. |
| 250 ## - EDITION STATEMENT | |
| Edition statement | 6th ed. |
| 260 ## - PUBLICATION, DISTRIBUTION, ETC. | |
| Place of publication, distribution, etc. | [S.l.] : |
| Name of publisher, distributor, etc. | Mcgraw-Hill (Tx), |
| Date of publication, distribution, etc. | 2004. |
| 300 ## - PHYSICAL DESCRIPTION | |
| Extent | 585 p. ; |
| Dimensions | 28 cm. |
| 520 ## - SUMMARY, ETC. | |
| Summary, etc. | Bateman and Snell have consistently discussed and explained the traditional, functional approach to management through planning (delivering strategic value), organizing (building a dynamic organization), leading (mobilizing people), and controlling (learning and changing). "Management: Leading & Collaborating in a Competitive World" retains its series of "firsts": first to have a chapter on diversity, first to devote a section to the natural environment, and first to relate a "bricks and clicks" theme to explain the challenges of managing in a New Economy. This new edition is no exception with an emphasis on leadership and collaboration as a means to success. To survive competition and thrive in today's world, you must perform in ways that give you an edge over your competitors. Four essential performance dimensions - cost, quality, speed, and innovation - when well done, deliver value to the customer and competitive advantage to students and their employers.In the new Seventh Edition of "Management", Bateman and Snell go a step further to discuss the advantages of leadership and collaboration as two essential means to these four "bottom line" practices that successful managers and companies must deliver to their customers. This leadership and collaboration theme is the key to successful management. People working with one another, rather than against, is essential to competitive advantage. By reinforcing these new business practices in context with the functional approaches, the authors deliver a unique theme among all principles of management texts - how to manage, lead, and collaborate in ways that deliver results. |
| 700 1# - ADDED ENTRY--PERSONAL NAME | |
| Personal name | Snell, Scott. |
| 856 40 - ELECTRONIC LOCATION AND ACCESS | |
| Materials specified | Amazon.com |
| Uniform Resource Identifier | <a href="http://www.amazon.com/exec/obidos/ASIN/0072538651/chopaconline-20">http://www.amazon.com/exec/obidos/ASIN/0072538651/chopaconline-20</a> |
| 942 ## - ADDED ENTRY ELEMENTS (KOHA) | |
| Institution code [OBSOLETE] | NBS |
| Koha item type | Book |
| Call number prefix | 658 BAT |
| Withdrawn status | Lost status | Damaged status | Not for loan | Permanent Location | Current Location | Date acquired | Total Checkouts | Full call number | Barcode | Date last seen | Date last checked out | Price effective from | Koha item type |
|---|---|---|---|---|---|---|---|---|---|---|---|---|---|
| Central Library (CL) | Central Library (CL) | 08/28/2013 | 2 | 658 BAT | NBS7150 | 01/21/2020 | 11/09/2016 | 08/28/2013 | Book |
